[Event "East Africa-ch U21 Girls"]
[Site "Kisumu"]
[Date "2024.08.26"]
[Round "4"]
[White "Ibrahim, Zena"]
[Black "Mwashe, Yvonne Adego"]
[Result "1-0"]
[WhiteElo "1567"]
[BlackElo "1539"]
[PlyCount "107"]
[EventDate "2024.08.25"]
[EventType "swiss"]
[EventRounds "8"]
[EventCountry "KEN"]
[SourceTitle "EXT 2025"]
[Source "ChessBase"]
[SourceDate "2024.10.14"]
[SourceVersion "1"]
[SourceVersionDate "2024.10.14"]
[SourceQuality "1"]

1. e4 e6 2. Nc3 d5 3. d4 dxe4 4. Nxe4 Nf6 5. Bg5 Be7 6. Qd3 Nxe4 7. Bxe7 Nxf2 8. Bxd8 Nxd3+ 9. Bxd3 Kxd8 10. Nf3 Nc6 11. 0-0-0 h6 12. c3 Ke7 13. Rde1 Rd8 14. Rhf1 Kf8 15. Bc2 Kg8 16. h4 a6 17. h5 Rb8 18. g4 f6 19. Bb3 Rd6 20. a3 b5 21. Nd2 a5 22. Ne4 Rd8 23. Nc5 b4 24. axb4 Kf8 25. bxa5 Nxa5 26. Bxe6 Re8 27. Nd7+ Bxd7 28. Bxd7 Rxe1+ 29. Rxe1 Nc4 30. Re2 Rd8 31. Bb5 Nd6 32. Bd3 Re8 33. Kc2 Rxe2+ 34. Bxe2 Ke7 35. Kb3 Kd7 36. Kb4 Kc6 37. b3 Kb6 38. c4 Nc8 39. c5+ Kc6 40. Bf3+ Kd7 41. Ka5 c6 42. Be4 Kc7 43. Ka6 Ne7 44. b4 Nc8 45. Bf3 Ne7 46. b5 cxb5 47. Kxb5 Kd7 48. d5 Nc8 49. Be4 Na7+ 50. Kb6 Nc8+ 51. Kb7 Ne7 52. Bf5+ Kd8 53. Be6 Ke8 54. d6 1-0

[Event "East Africa-ch U21 Girls"]
[Site "Kisumu"]
[Date "2024.08.25"]
[Round "3"]
[White "Babirye, Christine Audrey"]
[Black "Ibrahim, Zena"]
[Result "0-1"]
[WhiteElo "1537"]
[BlackElo "1567"]
[PlyCount "64"]
[EventDate "2024.08.25"]
[EventType "swiss"]
[EventRounds "8"]
[EventCountry "KEN"]
[SourceTitle "EXT 2025"]
[Source "ChessBase"]
[SourceDate "2024.10.14"]
[SourceVersion "1"]
[SourceVersionDate "2024.10.14"]
[SourceQuality "1"]

1. e4 e5 2. Nf3 Nc6 3. Bc4 Bc5 4. c3 Nf6 5. d3 a6 6. Qe2 Na5 7. Bxf7+ Kxf7 8. b4 Bxb4 9. cxb4 Nc6 10. Bb2 Re8 11. a3 d6 12. Nbd2 Bg4 13. h3 Bh5 14. 0-0 Kg8 15. Qe3 h6 16. d4 Bg6 17. d5 Nd4 18. Rac1 Nxf3+ 19. Qxf3 Rf8 20. Qd3 Rc8 21. f3 Nh5 22. Qe3 Nf4 23. Rf2 Qg5 24. Kh2 Qh4 25. Nb1 Nh5 26. Nc3 Qg3+ 27. Kg1 Nf4 28. Kf1 Be8 29. a4 b6 30. b5 axb5 31. Nxb5 c5 32. Nxd6 Bxa4 0-1